00998nam a2200229 a 450000100100000000500170001000800410002702000150006804000250008308200150010810000340012324501520015726001120030930000210042149000350044250400390047750400410051670000390055783000420059695201130063899900170075100004187020201002035812.0131018s2000 sp 000 0 spa d a8400078683 aDO-SdBNPbspacBNPHU axxxxbxxxx1 aPeralta Ruiz, Víctor96788110aPor la Concordia, la Fusión y el Unitarismo. :bestado y caudillismo en Bolivia, 1825-1880. /cVíctor Peralta Ruiz, Marta Irurozqui Victoriano. aMadrid, :bConsejo Superior de Investigaciones CientíficasbDepartamento de Historia de América,c2000. a277 p. ;c24 cm.1 aTierra nueva e cielo nuevov41 aBibliografía primaria p: 255-260 aBibliografía secundaria p: 261-2771 aIrurozqui Victoriano, Marta968608 0aTierra nueva e cielo nuevov41915388 001050718MOaGRbGRcCTd2013-10-18iLF1l0oxxxx xxxxp41870-10r2020-06-25w2020-06-25y1ZNo se presta c41359d41359